000 00249nam a22001217a 4500
003 SGT
082 _a823
_bMEA
100 _aMEAD RICHELLE
245 _aTHE FIERY HEART
260 _aLONDON
_bPENGUIN PUB
_c2013
300 _a420
942 _2ddc
_cBK
999 _c33763
_d33763